| 000 | 03544nam0a2200373 4500 | ||
|---|---|---|---|
| 001 | RU\NLR\BIBL_A\016232436 | ||
| 005 | 20230201160643.0 | ||
| 010 |
_a978-5-907521-28-5 _938 |
||
| 021 |
_aRU _bКН-П-22-080221 _9КН-П-22-7038 |
||
| 035 | _a(NLR Aleph) 016232436 | ||
| 035 | _a(RuMoRGB)011371997 | ||
| 090 |
_a12771321 _c12771321 |
||
| 100 | _a20221208d2021 k y0rusy50 ca | ||
| 101 | 0 | _arus | |
| 102 | _aRU | ||
| 105 | _aa|||j||||||z| | ||
| 181 | 1 |
_ai _b e |
|
| 182 | 1 | _an | |
| 200 | 1 |
_aУправленческие решения _eучебное пособие _aдля обучающихся по направлению подготовки 38.03.02 "Менеджмент" _fС. В. Тактарова, Е. А. Попова, Д. В. Сенаторов, Ю. Ю. Пронина _gМинистерство науки и высшего образования Российской Федерации, Федеральное государственное бюджетное образовательное учреждение высшего образования "Пензенский государственный университет" (ПГУ) |
|
| 203 |
_aТекст _bвизуальный _cнепосредственный |
||
| 210 |
_aПенза _cизд-во ПГУ _d2021 |
||
| 215 |
_a100, [1] с. _cил. _d21 |
||
| 320 | _aБиблиогр.: с. 100-101 (30 назв.) | ||
| 330 | _aПредставлены современные теории, технологии, процедуры и методы принятия организационно-управленческих решений. Рассмотрены особенности процесса разработки, оценки и выбора управленческих решений, раскрыто содержание качественных и количественных методов принятия решений как в условиях определенности, так и в условиях неопределенности динамичной внешней среды. Приводятся методы оценки эффективности принимаемых управленческих решений. Издание подготовлено на кафедре "Менеджмент и экономическая безопасность" ПГУ и предназначено для обучающихся по направлению подготовки 38.03.02 "Менеджмент", изучающих дисциплины "Технологии принятия управленческих решений", "Методы принятия управленческих решений", а также для преподавателей этих дисциплин | ||
| 606 | 1 |
_aУправление _jУчебные издания для высших учебных заведений _xПринятие решений _91155015 _3RU\NLR\AUTH\66461461 |
|
| 686 | 1 | _aУ21(0)03я73 | |
| 701 | 1 |
_aТактарова _bС. В. _gСветлана Викторовна |
|
| 701 | 1 |
_7ca _8rus _aПопова _bЕ. А. _cканд. экон. наук, маркетинг-логистика _f1979- _gЕлена Александровна _9236207 _3RU\NLR\AUTH\770236263 |
|
| 701 | 1 |
_aСенаторов _bД. В. _gДмитрий Викторович |
|
| 701 | 1 |
_aПронина _bЮ. Ю. _gЮлия Юрьевна |
|
| 942 | _cBOOK | ||
| 980 | _aNB | ||